| 000 | 00834nam a22002535a 4500 | ||
|---|---|---|---|
| 005 | 20201128023931.0 | ||
| 008 | 161023s2010 ii a frd 001 0 eng d | ||
| 020 | _a9780071068055 | ||
| 020 | _a0071068058 | ||
| 040 |
_aEG-ScBUE _beng _cEG-ScBUE _dEG-ScBUE |
||
| 082 | 0 | 4 |
_222 _a621.3821 _bREI |
| 100 | 1 | _aReid, Neil P. | |
| 245 | 1 | 0 |
_aWireless mobility : _bthe why of wireless / _cNeil P. Reid. |
| 260 |
_aNew Delhi : _bTata McGraw-Hill Education Private Limited, _c2010. |
||
| 300 |
_axvii, 302 p. : _bill. ; _c24 cm. |
||
| 500 | _aIndex : p. 291-302. | ||
| 500 | _aGlossary : p. 252-279. | ||
| 650 | 7 |
_2BUEsh _9835 _aMobile computing. |
|
| 650 | 7 |
_93398 _aTCP/IP (Computer network protocol) _2BUEsh |
|
| 650 | 7 |
_912950 _aWireless communication systems. _2BUEsh |
|
| 651 | _2BUEsh | ||
| 653 |
_bCOMSCI _cOctober2016 |
||
| 942 | _2ddc | ||
| 999 |
_c22806 _d22778 |
||